000 00367nam a22001577a 4500
003 OSt
005 20231223071348.0
008 191005b xxu||||| |||| 00| 0 eng d
020 _a9788121903462
040 _cIIMT UNIVERSITY
100 _aASIRVATHAM, EDDY
245 _aPOLITICAL THEORY
260 _aNEW DELHI
_bS. CHAND
_c2019
300 _a845
942 _2ddc
_c01
999 _c49188
_d49188